| 000 | 00593nam a2200205Ia 4500 | ||
|---|---|---|---|
| 005 | 20250508163659.0 | ||
| 008 | 008 250505s9999 xx 000 0 eng d | ||
| 020 | _a81-85107-80-77 | ||
| 037 | _aTextual | ||
| 040 |
_aFEDL _beng _cFEDL |
||
| 041 |
_aeng _2eng |
||
| 084 |
_a305.4, JAY _qFEDL |
||
| 100 | _aJayawardena | ||
| 245 | 0 | _aEmbodied violence : Communcalising women's sexuality in south Asia | |
| 260 |
_aNew Delhi, India _bKali for Women _c1996 |
||
| 300 | _axxiv,299p. | ||
| 650 | _aSocial Structure | ||
| 942 |
_cTEXL _h305.4, JAY |
||
| 999 |
_c1384675 _d1384675 |
||